Ślaski przeglad statystyczny

Na minha lista:
Detalhes bibliográficos
Formato: Periódico
Idioma:polonês
Publicado em: Wroclaw Uniwersytet Ekonomiczny we Wrocławiu 2018
Tags: Adicionar Tag
Sem tags, seja o primeiro a adicionar uma tag!

MARC

LEADER 00000nas2a2200000 4500
001 0250291
005 20230131080336.4
022 |a 1644-6739 
041 0 |a pol 
044 |a PL 
245 1 0 |a Ślaski przeglad statystyczny 
264 1 |a Wroclaw  |b Uniwersytet Ekonomiczny we Wrocławiu  |c 2018 
773 0 |w eu_un_cat*0013655 
774 0 |w eu_un_cat*0290726